000 00664nam a22002057a 4500
999 _c14531
_d14531
003 AR-CdUCM
008 190423b ||||| |||| 00| 0 spa d
020 _a978-84-683-0202-7
040 _aMUNICIPALIDAD PROVINCIAL DEL CUSCO
_cBIBLIOTECA MUNICIPAL DEL CUSCO
041 _hspa
082 _aES / 199.43 /
_bW14
100 _aWaddell, Dan
_933342
245 _aQuien crees que eres :
_binvestiga tu árbol familiar /
260 _aBarcelona :
_bEdebé,
_c2011.
300 _a18 páginas ;
_bIlustraciones,
_c28 cm.
_e1 cuadernillo,
650 _aLiteratura infantil
_9588
650 _aÁrbol genealógico
_9409
942 _2ddc
_cLIBROS
945 _aacv
_d2019-04-23